000 005640000a22001810004500
003 MACL
005 20160330154511.0
008 160330b xxu||||| |||| 00| 0 eng d
040 _aMACL
_cMACL
041 _aHindi
082 _a294
100 _aआनन्‍द मोहन तिवारी
_949011
245 _aराह-ए-सांई से पायें मंजिल
260 _bगांधी पुस्‍तकालय
_c2008
_aनई दिल्‍ली
350 _a170
650 _aReligion
_949012
942 _cHIN
_k294
_2ddc
999 _c22223
_d22223